| 000 | 00423nam a2200181Ia 4500 | ||
|---|---|---|---|
| 001 | 18896 | ||
| 005 | 20260306171704.0 | ||
| 008 | 260306s9999||||xx |||||||||||||| ||und|| | ||
| 041 | _aESP | ||
| 082 |
_a658.562 _bB46 |
||
| 100 |
_aBesterfield, Dale H. _eAUT |
||
| 245 | 0 | _aControl de calidad | |
| 260 | _c1995 | ||
| 300 |
_axii, 508 páginas : _c23 cm. |
||
| 650 | _aGEN | ||
| 654 | _aCAN | ||
| 942 |
_cLIB _dJUS _fJUS _2ddc _n |
||
| 999 |
_c18896 _d18896 |
||